000 00737nam a2200241Ia 4500
003 OSt
005 20220927110036.0
006 a|||||r|||| 00| 0
007 ta
008 220926b |||||||| |||| 00| 0 eng d
024 _a109901
037 _cReference Collections
040 _aRTL
_cRTL
_beng
041 _2eng
_aeng
082 _a"X9(M7):51p2,N7, L1"
111 _aForeign Trade (Min of-) Textile Committee (Chairman: K Sreenivasan) (1971 : India)
_9375872
245 0 _aProceedings
_bKnow your market
260 _aNew
_bDelhi Manager of Publicaitons India
_c1971
300 _a114p.
_ccm.
650 _aTextile Industry
942 _h"X9(M7):51p2,N7, L1"
_cCC
999 _c695350
_d695350